Ringfence for civils work (Record no. 68406)

MARC details
000 -LEADER
fixed length control field 00781cam a2200181 4500
001 - CONTROL NUMBER
control field WB3736-03
008 - FIXED-LENGTH DATA ELEMENTS--GENERAL INFORMATION
fixed length control field 010927n2001 000 0 eng u
035 ## - SYSTEM CONTROL NUMBER
System control number (Sirsi) u114876
245 ## - TITLE STATEMENT
Title Ringfence for civils work
260 ## - PUBLICATION, DISTRIBUTION, ETC.
Date of publication, distribution, etc. 2001
490 ## - SERIES STATEMENT
Series statement Contract Journal
Volume/sequential designation 410(6346) 26 September 2001, 1(1)
520 ## - SUMMARY, ETC.
Summary, etc. The trend towards partnering and framework agreements means that smaller contractors are missing out on core work. The Civil Engineering Contractors Association hopes to convince local authorities and government of the need to ringfence a certain amount of civils work for competitive tendering to small local contractors.
590 ## - LOCAL NOTE (RLIN)
Local note WB
650 ## - SUBJECT ADDED ENTRY--TOPICAL TERM
Topical term or geographic name entry element CIVIL ENGINEERING SECTOR
650 ## - SUBJECT ADDED ENTRY--TOPICAL TERM
Topical term or geographic name entry element BUILDING CONTRACTORS
690 ## - LOCAL SUBJECT ADDED ENTRY--TOPICAL TERM (OCLC, RLIN)
Topical term or geographic name as entry element Procurement
9 (RLIN) 6260
942 ## - ADDED ENTRY ELEMENTS (KOHA)
Suppress in OPAC 0
Holdings
Withdrawn status Lost status Source of classification or shelving scheme Damaged status Not for loan Home library Current library Shelving location Date acquired Total Checkouts Full call number Barcode Date last seen Copy number Price effective from Koha item type
    Dewey Decimal Classification     London London News article 27/09/2001   WB3736-03 114876-1001 06/08/2019 1 06/08/2019 News article